| 000 | 00622nam a2200181Ia 4500 | ||
|---|---|---|---|
| 005 | 20250508161738.0 | ||
| 008 | 008 250505s9999 xx 000 0 eng d | ||
| 037 | _aBooks to be hide in OPAC | ||
| 040 |
_aFEDL _beng _cFEDL |
||
| 041 |
_aeng _2eng |
||
| 084 |
_a370.58, NAT/O _qFEDL |
||
| 100 |
_aGoodlad John I Ed. _9621147 |
||
| 245 | 0 | _aChanging american school : The sixty-fifth yearbook of the national society for the study of education : Part 2 | |
| 260 |
_aChicago, USA _bThe University of Chicago Press _c1966 |
||
| 300 | _acvii p. | ||
| 942 |
_cHB _h370.58, NAT/O |
||
| 999 |
_c1371851 _d1371851 |
||